000 00904cab a2200229 4500
001 WB2905-39
008 090401t1993 xxu||||| |||| 00| 0 eng d
035 _a(Sirsi) u43098
041 _aeng
100 _aJessel, Christopher
245 _aSurrenders of agricultural tenancies
260 _c1993
350 _a0
490 _aCS Monthly : Rural Practice
_v2(5) February 1993, 14(1)
520 _aDiscusses the case "Re Dallhold Estates (UK) Ltd" which examined an agreement to surrender an agricultural tenancy which excluded the right of either the landlord or tenant to compensation for dilapidations, improvements or tenant-right matters.
650 _aAGRICULTURAL HOLDINGS ACT 1986 S78
650 _aPROPERTY-LANDLORD AND TENANT-TENANCIES-AGRICULTURAL TENANCIES
650 _aCOMPENSATION
690 _aLANDLORD AND TENANT-AGRICULTURAL TENANCIES
942 _n0
948 _c04/03/1997
999 _c27556
_d27556